000 00574nam a2200205 4500
003 OSt
005 20150427142207.0
008 150427b xxu||||| |||| 00| 0 eng d
020 _a0745314716
040 _c040a
082 _a960.32
_bMER 2000
245 _aMercenaries :
_ban African security dilemma /
_cAbdel-Fatau Musah, J. Kayode Fayemi
260 _aLondon
_bPluto press
_c2000
300 _axv, 334p ;
_c8 cm.
504 _aincludes index
650 _aSecurity
_94211
700 _aAbdel-Fatau Musah
_94212
700 _aJ. Kayode Fayemi
_94213
942 _2ddc
_cSLOAN
999 _c1593
_d1593